Macaulay. The history of England
Gardado en:
| Autor Principal: | |
|---|---|
| Formato: | Libro |
| Idioma: | inglés |
| Publicado: |
Nueva York
Washington Square Press
1968
|
| Series: | The Great Histories Series
|
| Subjects: | |
| Tags: |
Engadir etiqueta
Sen Etiquetas, Sexa o primeiro en etiquetar este rexistro!
|
MARC
| LEADER | 00000nam a2200000 a 4500 | ||
|---|---|---|---|
| 001 | UCI4308 | ||
| 003 | CL-VaPUC | ||
| 008 | 080111e19680000US |||||||||||||||||eng|d | ||
| 082 | 0 | 4 | |a 941 |b TRE |2 21 |
| 100 | 0 | |a Trevor-Roper, Hugh Redwald |e author |9 526128 | |
| 245 | 1 | 0 | |a Macaulay. The history of England |
| 300 | |a 558 p | ||
| 942 | |c BK | ||
| 945 | |d 20080111 00:00:00 |a rbrito | ||
| 260 | |a Nueva York |b Washington Square Press |c 1968 | ||
| 500 | |a Donación Padres Capuchinos | ||
| 650 | 0 | |a Historia de Inglaterra |9 376029 | |
| 650 | 7 | |a HISTORIA DE IRLANDA |2 CL-VaPUC |9 526129 | |
| 650 | 7 | |a HISTORIA DE ESCOCIA |2 CL-VaPUC |9 421043 | |
| 651 | 0 | |a Inglaterra |9 255158 | |
| 651 | 0 | |a Irlanda |9 324541 | |
| 651 | 7 | |a ESCOCIA |2 CL-VaPUC |9 332669 | |
| 583 | |a last modification |c 20080111 00:00:00 |k Rodrigo Vera | ||
| 490 | 0 | |a The Great Histories Series | |
| 999 | |c 328264 |d 328262 | ||
| 952 | |0 0 |1 0 |4 0 |6 941_000000000000000_TRE_1968 |7 0 |8 X |9 412070 |a FDOBUD |b FDOBUD |d 2019-11-22 |i 440081K |o 941 TRE 1968 |p 440081K |r 2019-11-22 |w 2019-11-22 |y BK_X |k BUD | ||